Vita : Compañía de Seguros sobre la Vida Compañía de Seguros sobre la Vida
Descripción Física:
1 tríptic : il. col. ; 13 cm
MARC
| LEADER | 00000nam a2200000Ia 4500 | ||
|---|---|---|---|
| 001 | 23536 | ||
| 008 | 160829s9999 xx 000 0 cat d | ||
| 080 | |a RF-16-83 | ||
| 245 | |a Vita : |b Compañía de Seguros sobre la Vida | ||
| 260 | |a Reus : |b Imp. Diana, [193-?] | ||
| 300 | |a 1 tríptic : |b il. col. ; |c 13 cm | ||
| 590 | |a Tríptic que conté el nom i adreça de l'agent de Vita: Nilo Alsina Gel. | ||
| 590 | |a Núm. de full registral: 4668. | ||
| 650 | |a Vita. Compañía de Seguros sobre la Vida en Zurich (Barcelona) |9 48933 | ||
| 650 | |a Assegurances de vida |9 48934 | ||
| 700 | |a Vita. Compañía de Seguros sobre la Vida en Zurich (Barcelona) |9 48935 | ||
| 856 | 4 | |u https://media.diba.cat/diba/fitxers/arxiu/fulletons/bib_23536_baixa.pdf |y Accés lliure | |
| 856 | 4 | |u https://media.diba.cat/diba/fitxers/arxiu/fulletons/bib_23536_baixa.pdf |y Accés lliure | |
| 901 | |a Arxiu | ||
| 942 | |n 1 |2 udc | ||
| 952 | |0 0 |1 0 |4 0 |6 RF1683 |7 1 |9 54981 |a Arxiu |b Arxiu |d 2012-08-07 |l 0 |o RF-16-83 |p 23536 |r 2016-12-01 00:00:00 |w 2016-12-01 |y ARXIU | ||
| 999 | |c 58851 |d 58851 | ||
| 900 | |a bib_23536_baixa.pdf | ||